Bildung Zukunft Sicherheit Education permanente als Zukunftschance

محفوظ في:
التفاصيل البيبلوغرافية
المؤلف الرئيسي: Schwalbe, Heinz
التنسيق: كتاب
اللغة:Undetermined
منشور في: Germany Baden Verlag 1969
الموضوعات:
الوسوم: إضافة وسم
لا توجد وسوم, كن أول من يضع وسما على هذه التسجيلة!
Thư viện lưu trữ: Trung tâm Học liệu Trường Đại học Cần Thơ
LEADER 00471nam a2200169Ia 4500
001 CTU_78577
008 210402s9999 xx 000 0 und d
082 |a 370 
082 |b S398 
100 |a Schwalbe, Heinz 
245 0 |a Bildung Zukunft Sicherheit Education permanente als Zukunftschance 
245 0 |c Heinz Schwalbe 
260 |a Germany 
260 |b Baden Verlag 
260 |c 1969 
650 |a Education 
980 |a Trung tâm Học liệu Trường Đại học Cần Thơ